Rektorát a celouniverzitné ústavy a pracoviská Ekonomickej univerzity v Bratislave akademický rok 2011/2012

Saved in:
Bibliographic Details
Corporate Author: Ekonomická univerzita v Bratislave
Other Authors: Čajkovičová, Jana, 1964-
Format: Book
Language:Slovak
Published: Bratislava Vydavateľstvo EKONÓM 2011
Subjects:
Tags: Add Tag
No Tags, Be the first to tag this record!

MARC

LEADER 00000nam a2200000 4500
001 0144112
005 20240318125817.9
020 |a 978-80-225-3225-9 
041 0 |a slo 
044 |a SK 
245 1 0 |a Rektorát a celouniverzitné ústavy a pracoviská Ekonomickej univerzity v Bratislave  |b akademický rok 2011/2012  |c zostavila: Jana Čajkovičová 
264 1 |a Bratislava  |b Vydavateľstvo EKONÓM  |c 2011 
300 |a 46 s. 
610 2 0 |a školy vysoké 
610 2 0 |a univerzity 
610 2 0 |a pracovisko 
610 2 0 |a aktivita pracovná 
610 2 0 |a aktivita spoločenská 
610 2 0 |a aktivita hospodárska 
610 2 0 |a útvary ekonomické 
610 2 0 |a ústavy vedecké 
610 2 0 |a ústavy výskumné 
610 2 0 |a pracovníci riadiaci 
610 2 0 |a zamestnanci 
700 1 |a Čajkovičová, Jana, 1964- 
710 2 |a Ekonomická univerzita v Bratislave